00918cam a2200253 a 45000010009000000050017000090080041000260200015000670200018000820500025001000820019001251000025001442450066001692600051002353000039002866500040003256500032003656500031003976500028004286500022004567000028004788560085005068560073005911225819220260422184622.0001215s1998 nyua b 001 0 eng d a0028021711 a978002802171300aPE1479.B87bC36 199800a808/.066652211 aCamp, Sue C.,d1944-10aCollege communication /cSue C. Camp, Marilyn L. Satterwhite. aNew York, N.Y. :bGlencoe McGraw-Hill,cc1998. axii, 450 p. :bcol. ill. ;c26 cm. 0aEnglish languagexBusiness English. 0aEnglish languagexRhetoric. 0aEnglish languagexGrammar. 0aBusiness communication. 0aBusiness writing.1 aSatterwhite, Marilyn L.423Publisher descriptionuhttp://www.loc.gov/catdir/description/mh031/00709722.html413Table of contentsuhttp://www.loc.gov/catdir/toc/mh031/00709722.html